[Event "European Rapid 2014"]
[Site "Wroclaw POL"]
[Date "2014.12.20"]
[Round "6.26"]
[White "Girya, Olga"]
[Black "Lysyj, Igor"]
[Result "0-1"]
[WhiteTitle "WGM"]
[BlackTitle "GM"]
[WhiteElo "2457"]
[BlackElo "2686"]
[WhiteFideId "4195752"]
[BlackFideId "4150120"]
[EventDate "2014.12.20"]

1. d4 Nf6 2. c4 e6 3. Nf3 b6 4. g3 Bb4+ 5. Bd2 a5 6. Bg2 Bb7 7. O-O O-O 8. Bf4
Be7 9. Nc3 Ne4 10. Nb5 Na6 11. Qc2 f5 12. a3 Bf6 13. Rfd1 Qc8 14. d5 d6 15. Be3
Nac5 16. Nfd4 e5 17. Nxf5 Qxf5 18. Bxc5 Nxg3 19. e4 Qd7 20. Bxd6 Ne2+ 21. Qxe2
cxd6 22. Qe3 Qd8 23. Bh3 Bh4 24. Be6+ Kh8 25. f3 Ba6 26. Kh1 Bg5 27. Qe2 Bxb5
28. cxb5 Ra7 29. Rd3 Rc7 30. Rg1 Bf4 31. Qf2 Rc5 32. Rc3 Rxc3 33. bxc3 Qc7 34.
Bg4 g6 35. Rf1 Kg7 36. c4 Qxc4 37. Rb1 Qd3 38. Rb2 Be3 39. Qe2 Qxa3 40. Rc2 Qa1+
41. Kg2 Qg1+ 42. Kh3 Bc5 43. Qg2 Qe3 44. Qe2 Qxe2 45. Rxe2 h5 46. Be6 Rxf3+ 47.
Kg2 Rf4 48. Bh3 a4 49. Kg3 a3 0-1

[Event "European Rapid 2014"]
[Site "Wroclaw POL"]
[Date "2014.12.20"]
[Round "6.27"]
[White "Bernotas, Arturs"]
[Black "Guliyev, Namig"]
[Result "1/2-1/2"]
[BlackTitle "GM"]
[WhiteElo "2272"]
[BlackElo "2557"]
[WhiteFideId "11601426"]
[BlackFideId "13400363"]
[EventDate "2014.12.20"]

1. e4 c5 2. Nf3 d6 3. Bb5+ Nc6 4. O-O Bd7 5. Re1 a6 6. Bf1 Bg4 7. c3 e6 8. h3
Bxf3 9. Qxf3 Nf6 10. d3 Be7 11. Bf4 O-O 12. Nd2 Qc7 13. Rac1 b5 14. a3 h6 15. d4
e5 16. Be3 Kh8 17. b4 exd4 18. cxd4 c4 19. Nb1 d5 20. exd5 Na7 21. Bf4 Qd7 22.
Nc3 Rad8 23. g4 Nc8 24. Bg2 Nb6 25. g5 hxg5 26. Bxg5 Nfxd5 27. Qh5+ Kg8 28. Nxd5
Nxd5 29. Be4 g6 30. Bxg6 fxg6 31. Qxg6+ Kh8 32. Qh6+ Kg8 33. Qg6+ Kh8 34. Qh6+
Kg8 35. Qg6+ Kh8 36. Qh6+ Kg8 1/2-1/2

[Event "European Rapid 2014"]
[Site "Wroclaw POL"]
[Date "2014.12.20"]
[Round "6.29"]
[White "Neiksans, Arturs"]
[Black "Ziaziulkina, Nastassia"]
[Result "1/2-1/2"]
[WhiteTitle "GM"]
[BlackTitle "IM"]
[WhiteElo "2559"]
[BlackElo "2427"]
[WhiteFideId "11601388"]
[BlackFideId "13505211"]
[EventDate "2014.12.20"]

1. e4 c5 2. Nf3 d6 3. Bb5+ Nd7 4. d4 cxd4 5. Qxd4 a6 6. Bxd7+ Bxd7 7. Bg5 Rc8 8.
O-O Qa5 9. c4 h6 10. Bd2 Qc7 11. Nc3 e6 12. Rac1 Nf6 13. Rfd1 Be7 14. b3 O-O 15.
Qd3 Rfd8 16. Bf4 Bc6 17. h3 b6 18. Nd5 Bxd5 19. cxd5 Qb7 20. Rxc8 Qxc8 21. dxe6
Qxe6 22. Qxa6 Qxe4 23. Be3 Ra8 24. Qxb6 Rxa2 25. Qb8+ Kh7 26. Qc7 Rc2 27. Qa7
Rb2 28. Re1 Rb1 29. Bc1 Qc2 30. Qxe7 Rxc1 31. Qxf7 Rxe1+ 32. Nxe1 Qe2 33. Nf3 d5
34. Qb7 d4 35. Qb4 d3 36. Qd2 Ne4 37. Qxe2 dxe2 38. Ne1 Nc3 39. f3 Nd1 40. b4
Nc3 41. Kf2 Kg6 42. Nc2 Kf6 43. Ke1 Ke5 44. Kd2 Nd5 45. g3 g5 46. Kxe2 h5 47. h4
gxh4 48. gxh4 Kf4 49. Kf2 Nc3 50. Ne3 Ke5 51. Nf1 Kf4 52. Ne3 Ke5 53. Nc2 Kf4
54. Nd4 Ke5 55. Ne2 Nd1+ 56. Kg1 Ne3 57. Kf2 Nf5 58. Ng3 Nxh4 59. Nxh5 Kd4 60.
f4 Kc4 61. Kg3 Nf5+ 62. Kg4 Nd4 63. Ng3 Kxb4 64. Ne4 Kc4 65. Nd2+ Kd5 66. Nf1
Ke6 67. Ng3 Kf6 68. Ne4+ Kg6 69. Nc3 Kf6 70. Nd5+ Kg6 71. Ne3 Kf6 72. Nd5+ Kg6
73. Nc3 Kf6 74. Ne4+ Kg6 75. Ng5 Kf6 76. Ne4+ Kg6 77. Nd2 Kf6 78. Nf3 Nxf3 79.
Kxf3 Kf5 80. Ke3 Kf6 81. Ke4 Ke6 82. f5+ Kf6 83. Kf4 Kf7 84. Ke5 Ke7 85. f6+ Kf7
86. Kf5 Kf8 87. Kg5 Kf7 88. Kf5 Kf8 89. Kg6 Kg8 90. f7+ Kf8 91. Kf6 1/2-1/2

[Event "European Rapid 2014"]
[Site "Wroclaw POL"]
[Date "2014.12.20"]
[Round "6.30"]
[White "Savchenko, Boris"]
[Black "Bartel, Michal"]
[Result "1-0"]
[WhiteTitle "GM"]
[BlackTitle "FM"]
[WhiteElo "2599"]
[BlackElo "2327"]
[WhiteFideId "4147332"]
[BlackFideId "1119257"]
[EventDate "2014.12.20"]

1. e4 e5 2. Nf3 Nc6 3. Bb5 a6 4. Ba4 Nge7 5. c3 g6 6. d4 exd4 7. cxd4 b5 8. Bc2
d5 9. Nc3 Bg7 10. Bg5 h6 11. Be3 O-O 12. Qd2 Kh7 13. h4 dxe4 14. Nxe4 f5 15. Nc3
f4 16. Bxf4 Nxd4 17. O-O-O Bg4 18. Nxd4 Bxd1 19. Rxd1 b4 20. Nce2 Qd5 21. Qe3
Qxa2 22. Qxe7 Rae8 23. Qxb4 c5 24. Qa4 Qd5 25. Nf3 Qb7 26. Nc3 c4 27. Rd7 Qb6
28. Rxg7+ Kxg7 29. Qd7+ 1-0

[Event "European Rapid 2014"]
[Site "Wroclaw POL"]
[Date "2014.12.20"]
[Round "6.31"]
[White "Pajeken, Wolfgang"]
[Black "Dragun, Kamil"]
[Result "0-1"]
[WhiteTitle "FM"]
[BlackTitle "GM"]
[WhiteElo "2312"]
[BlackElo "2547"]
[WhiteFideId "4622170"]
[BlackFideId "1134167"]
[EventDate "2014.12.20"]

1. d4 Nf6 2. c4 e6 3. Nc3 Bb4 4. g3 d5 5. Bg2 O-O 6. Nf3 dxc4 7. O-O Nc6 8. a3
Be7 9. e3 Na5 10. Nd2 c6 11. Qe2 b5 12. Nxb5 Ba6 13. Nc3 Rb8 14. Rd1 Qb6 15. Bf1
c5 16. Na4 Qc6 17. Nxc5 Bxc5 18. dxc5 Bb7 19. f3 Rfd8 20. Bg2 Qxc5 21. Nf1 Nb3
22. Rb1 Rxd1 23. Qxd1 Nd5 24. Kh1 f5 25. e4 fxe4 26. fxe4 Nf6 27. Bf4 e5 28. Be3
Qc6 29. Bxa7 Nxe4 30. Qe2 Rf8 31. Ne3 Rf2 32. Qxc4+ Qxc4 33. Nxc4 Nxg3+ 34. hxg3
Rxg2 35. Rf1 Rxb2+ 0-1

[Event "European Rapid 2014"]
[Site "Wroclaw POL"]
[Date "2014.12.20"]
[Round "6.32"]
[White "Wiewiora, Eneasz"]
[Black "Belous, Vladimir"]
[Result "0-1"]
[BlackTitle "GM"]
[WhiteElo "2219"]
[BlackElo "2578"]
[WhiteFideId "1140396"]
[BlackFideId "4174003"]
[EventDate "2014.12.20"]

1. e4 c5 2. c3 Nf6 3. e5 Nd5 4. d4 cxd4 5. cxd4 Nc6 6. Nf3 d6 7. Bc4 dxe5 8.
dxe5 Ndb4 9. Qxd8+ Nxd8 10. Na3 Bg4 11. O-O Ndc6 12. Nb5 Rc8 13. Be2 Nc2 14. Rb1
Bf5 15. Bf4 a6 16. Nc3 N6d4 17. Nxd4 Nxd4 18. Rbe1 e6 19. Rd1 Nxe2+ 20. Nxe2 Bc5
21. Nd4 Bg6 22. Nb3 Bb6 23. Rd2 O-O 24. Rfd1 Bc2 25. Ra1 Rfd8 26. Rc1 Be4 27.
Rxc8 Rxc8 28. h3 Bd5 29. Kh2 a5 30. Nc1 h6 31. b3 g5 0-1

[Event "European Rapid 2014"]
[Site "Wroclaw POL"]
[Date "2014.12.20"]
[Round "6.33"]
[White "Berzina, Ilze"]
[Black "Grigoriants, Sergey"]
[Result "0-1"]
[WhiteTitle "WGM"]
[BlackTitle "GM"]
[WhiteElo "2226"]
[BlackElo "2570"]
[WhiteFideId "11601345"]
[BlackFideId "4130804"]
[EventDate "2014.12.20"]

1. e4 c5 2. Nf3 e6 3. c4 Nc6 4. Nc3 Nd4 5. d3 Ne7 6. Nxd4 cxd4 7. Ne2 Nc6 8. a3
d5 9. exd5 exd5 10. cxd5 Qxd5 11. Nf4 Qf5 12. Be2 Bd6 13. Nh5 O-O 14. O-O Be6
15. Bf3 Qb5 16. Be4 f5 17. Bf3 Bb3 18. Qd2 f4 19. Bxc6 bxc6 20. g4 g6 21. a4 Qd5
22. Qd1 0-1

[Event "European Rapid 2014"]
[Site "Wroclaw POL"]
[Date "2014.12.20"]
[Round "6.34"]
[White "Ivekovic, Zvonimir"]
[Black "Piorun, Kacper"]
[Result "0-1"]
[BlackTitle "GM"]
[WhiteElo "2360"]
[BlackElo "2517"]
[WhiteFideId "14511320"]
[BlackFideId "1130420"]
[EventDate "2014.12.20"]

1. e4 e6 2. d4 d5 3. Nc3 Bb4 4. e5 c5 5. a3 Bxc3+ 6. bxc3 Ne7 7. Qg4 Kf8 8. Nf3
b6 9. h4 Ba6 10. Bxa6 Nxa6 11. h5 h6 12. Qf4 Qc7 13. Be3 cxd4 14. Bxd4 Nf5 15.
Rh3 Nc5 16. g4 Ne7 17. Nh4 Ke8 18. Rf3 Nc6 19. g5 Ne4 20. g6 Rf8 21. gxf7+ Rxf7
22. Qg4 Ng5 23. Rxf7 Qxf7 24. f4 Ne4 25. f5 Nxd4 26. cxd4 Rc8 27. Qe2 Qe7 28. f6
gxf6 29. Ng6 Qc7 30. O-O-O Qc3 31. Qb5+ Kd8 32. Qb2 Qe3+ 33. Kb1 Nc3+ 0-1

[Event "European Rapid 2014"]
[Site "Wroclaw POL"]
[Date "2014.12.20"]
[Round "6.35"]
[White "Sivuk, Vitaly"]
[Black "Stoma, Pawel"]
[Result "1-0"]
[WhiteTitle "IM"]
[WhiteElo "2501"]
[BlackElo "2359"]
[WhiteFideId "14116502"]
[BlackFideId "1113569"]
[EventDate "2014.12.20"]

1. d4 d5 2. c4 c6 3. Nc3 Nf6 4. e3 a6 5. Qc2 b5 6. b3 Bg4 7. Nge2 Bh5 8. Nf4 Bg6
9. Nxg6 hxg6 10. g3 e6 11. Bg2 Nbd7 12. O-O Be7 13. e4 b4 14. exd5 cxd5 15. Ne2
Rc8 16. Rd1 O-O 17. Bf4 dxc4 18. bxc4 Nb6 19. c5 Nbd5 20. Qa4 a5 21. a3 Nxf4 22.
Nxf4 g5 23. Ne2 Rb8 24. Rdb1 Nd5 25. axb4 axb4 26. Bxd5 Qxd5 27. Rxb4 e5 28.
Rxb8 Rxb8 29. Qa7 Rb7 30. Qa8+ Kh7 31. Nc3 Qf3 32. Ra7 Qxc3 33. Qxb7 Bf6 34.
Qe4+ Kh6 35. dxe5 Bxe5 36. c6 f6 37. Kg2 Bd4 38. Ra8 g6 39. Rh8+ Kg7 40. Qe8 1-0

[Event "European Rapid 2014"]
[Site "Wroclaw POL"]
[Date "2014.12.20"]
[Round "6.36"]
[White "Kulaots, Kaido"]
[Black "Sroczynski, Maciej"]
[Result "1-0"]
[WhiteTitle "GM"]
[WhiteElo "2563"]
[BlackElo "2267"]
[WhiteFideId "4500261"]
[BlackFideId "1121472"]
[EventDate "2014.12.20"]

1. e4 c5 2. Nf3 Nc6 3. Nc3 e6 4. d4 cxd4 5. Nxd4 Qc7 6. f4 a6 7. Nxc6 bxc6 8. e5
f5 9. Na4 c5 10. c4 Bb7 11. Be3 Nh6 12. Qd2 Nf7 13. O-O-O d5 14. exd6 Bxd6 15.
Nxc5 Bc8 16. Na4 O-O 17. Kb1 Rb8 18. c5 Be7 19. Bc4 Bf6 20. Bb3 Qc6 21. Nb6 Rd8
22. Qc2 Bb7 23. Ba4 Qxb6 24. cxb6 Be4 25. Qxe4 fxe4 26. Bb3 Rd3 27. Rxd3 exd3
28. Bxe6 Kf8 29. Rd1 Bd8 30. Rxd3 Bxb6 31. Rb3 Bc7 32. Rxb8+ Bxb8 33. Kc2 Nd6
34. Kd3 Ke7 35. Bd5 Nf5 36. Bd2 g5 37. fxg5 Bxh2 38. Bc4 Nh4 39. Bxa6 Nxg2 40.
Ke4 Nh4 41. a4 Kd6 42. Bf4+ Bxf4 43. Kxf4 Ng6+ 44. Kf5 Kc5 45. Kf6 Nf4 46. b3
Kb4 47. Bc4 Ka5 48. Kg7 Nh3 49. Kh6 Kb4 50. Bf1 Nf4 51. Kxh7 Kxb3 52. a5 1-0

[Event "European Rapid 2014"]
[Site "Wroclaw POL"]
[Date "2014.12.20"]
[Round "6.37"]
[White "Schmidt, Wlodzimierz"]
[Black "Stopa, Jacek"]
[Result "0-1"]
[WhiteTitle "GM"]
[BlackTitle "IM"]
[WhiteElo "2332"]
[BlackElo "2521"]
[WhiteFideId "1100041"]
[BlackFideId "1119591"]
[EventDate "2014.12.20"]

1. d4 f5 2. Nf3 Nf6 3. g3 g6 4. Bg2 Bg7 5. b4 O-O 6. Bb2 d6 7. c4 Qe8 8. Qb3 Nc6
9. d5 Nd8 10. Nbd2 Kh8 11. O-O Bd7 12. e4 fxe4 13. Ng5 c6 14. Ndxe4 cxd5 15.
cxd5 Ba4 16. Qa3 Nxe4 17. Bxe4 Bb5 18. Rfe1 Qd7 19. Rac1 Qg4 20. h4 h6 21. Nf3
Rf7 22. Bxg7+ Rxg7 23. Qe3 Kh7 24. Nd4 Be8 25. Rc3 Rc8 26. Kg2 Rxc3 27. Qxc3 Kg8
28. Qc7 Qd7 29. Qxd7 Bxd7 30. Rc1 Kf8 31. f4 Ke8 32. Kf2 e5 33. fxe5 dxe5 34.
Nf3 Nf7 35. Rc7 Nd6 36. Bb1 Kd8 37. Rc3 Bf5 38. Bxf5 gxf5 39. Ra3 Ne4+ 40. Ke2
Nxg3+ 41. Ke1 e4 42. Nd4 Kd7 43. Rxa7 Kd6 44. Ne6 Rg4 45. Rxb7 Kxd5 46. Nc5 e3
47. a4 Rxh4 0-1

[Event "European Rapid 2014"]
[Site "Wroclaw POL"]
[Date "2014.12.20"]
[Round "6.38"]
[White "Janocha, Wieslaw"]
[Black "Alekseenko, Kirill"]
[Result "0-1"]
[WhiteTitle "FM"]
[BlackTitle "FM"]
[WhiteElo "2269"]
[BlackElo "2499"]
[WhiteFideId "1100548"]
[BlackFideId "4135539"]
[EventDate "2014.12.20"]

1. e4 c5 2. Nf3 Nc6 3. Bb5 e6 4. O-O Nge7 5. Re1 Nd4 6. Nxd4 cxd4 7. c3 Nc6 8.
d3 a6 9. Bxc6 dxc6 10. cxd4 Qxd4 11. Nc3 Be7 12. Be3 Qd8 13. a4 a5 14. d4 O-O
15. Qb3 Bb4 16. Rad1 Qh4 17. d5 e5 18. Qc2 Ra6 19. f3 cxd5 20. Rxd5 Qxe1# 0-1

[Event "European Rapid 2014"]
[Site "Wroclaw POL"]
[Date "2014.12.20"]
[Round "6.39"]
[White "Jaracz, Pawel"]
[Black "Pedini, Dario"]
[Result "1-0"]
[WhiteTitle "GM"]
[WhiteElo "2503"]
[BlackElo "2251"]
[WhiteFideId "1102222"]
[BlackFideId "824623"]
[EventDate "2014.12.20"]

1. d4 d5 2. c4 e6 3. Nc3 Nf6 4. Nf3 Be7 5. Bf4 O-O 6. Qc2 a6 7. cxd5 exd5 8. e3
Be6 9. Bd3 Nbd7 10. O-O b5 11. Ne2 c5 12. dxc5 Nxc5 13. Ned4 Rc8 14. Rac1 Qb6
15. Bf5 h6 16. b4 Nce4 17. Bc7 Qb7 18. Nxe6 fxe6 19. Bxe6+ Kh8 20. Ne5 Rfe8 21.
Ng6+ Kh7 22. Nxe7 Rxe7 23. Bxc8 Qxc8 24. f3 Ne8 25. fxe4 Rxc7 26. Qb1 Kg8 27.
exd5 Nd6 28. Rxc7 Qxc7 29. Qg6 Qd8 30. e4 Nc4 31. Qxa6 Qg5 32. Qc8+ Kh7 33. Qf5+ 1-0

[Event "European Rapid 2014"]
[Site "Wroclaw POL"]
[Date "2014.12.20"]
[Round "6.40"]
[White "Djuric, Stefan"]
[Black "Bielinski, Dariusz"]
[Result "1-0"]
[WhiteTitle "GM"]
[WhiteElo "2402"]
[BlackElo "2178"]
[WhiteFideId "900133"]
[BlackFideId "1109383"]
[EventDate "2014.12.20"]

1. d4 Nf6 2. c4 c5 3. d5 b5 4. cxb5 a6 5. b6 Qxb6 6. Nc3 d6 7. Nf3 g6 8. Nd2 Bg7
9. Nc4 Qc7 10. e4 O-O 11. Be2 Nbd7 12. O-O Rb8 13. Bf4 Rd8 14. Qd2 Nb6 15. Na3
Nfd7 16. Bh6 Bh8 17. Rac1 Nf6 18. h3 e6 19. Bg5 exd5 20. exd5 Re8 21. Rfe1 Bb7
22. Bf3 Qd7 23. b3 Rxe1+ 24. Rxe1 Re8 25. Rd1 Re5 26. Bf4 Re8 27. Rb1 Qc7 28.
Rc1 Nfd7 29. Nab1 Ne5 30. Be2 f5 31. Bf1 Qf7 32. Rd1 Bf6 33. a4 Qc7 34. Bg5 Bg7
35. Bh6 Bf6 36. Bg5 Bg7 37. Kh1 Nf7 38. Bf4 Bf6 39. f3 Re7 40. Bh2 Qd8 41. Bg1
Bg5 42. f4 Bf6 43. Kh2 Kg7 44. Na3 Nh6 45. Nc4 Nc8 46. a5 Ng8 47. Na4 Kh8 48. b4
cxb4 49. Qxb4 Bg7 50. Nab6 Nf6 51. Nxc8 Bxc8 52. Nxd6 Ne4 53. Nxc8 1-0

[Event "European Rapid 2014"]
[Site "Wroclaw POL"]
[Date "2014.12.20"]
[Round "6.41"]
[White "Makovskis, Georgijs"]
[Black "Berzinsh, Roland"]
[Result "1/2-1/2"]
[BlackTitle "IM"]
[WhiteElo "2232"]
[BlackElo "2395"]
[WhiteFideId "11601132"]
[BlackFideId "11600357"]
[EventDate "2014.12.20"]

1. e4 e5 2. Nf3 d6 3. d4 exd4 4. Nxd4 Nf6 5. Nc3 Be7 6. Bc4 O-O 7. O-O c6 8. a4
a5 9. h3 Na6 10. Re1 Nc5 11. Ba2 Re8 12. Bf4 Bf8 13. Qf3 Ncd7 14. Rad1 Ne5 15.
Qe2 Qb6 16. Bb3 Qc7 17. Bg3 g6 18. f4 Ned7 19. e5 Nc5 20. Ba2 d5 21. Bh2 Nfe4
22. Nxe4 Nxe4 23. c3 Bd7 24. Bb1 f5 25. Bxe4 dxe4 26. g4 Kh8 27. gxf5 gxf5 28.
Qh5 Qc8 29. Kh1 c5 30. Rg1 Re7 31. Nb5 e3 32. c4 Bc6+ 33. Rd5 Qe6 34. Nc3 Rd8
35. Qf3 Red7 36. Rgd1 e2 37. Qxe2 Bxd5+ 38. cxd5 Rxd5 39. Nxd5 Rxd5 40. Rg1 Rd7
41. Qf3 c4 42. Bg3 Bc5 43. Rg2 Rd3 44. Qh5 Qg6 45. Qh4 Rd7 46. Bf2 Bxf2 47. Qxf2
Qc6 48. Qg3 Qe6 49. Kh2 h6 50. Qh4 Kh7 51. Qg3 Qf7 52. Qe3 Qe6 53. h4 Qe7 54.
Qg3 Qf7 55. Qe1 Qe7 56. Qg3 Qf7 57. Qe1 Qe7 58. Qg3 Qf7 59. Qe1 Qe7 60. Qg3 Qf7
61. Qe1 Qe7 62. Qg3 Qf7 63. Qe1 Qe7 64. Qg3 Qf7 65. Qe1 1/2-1/2

[Event "European Rapid 2014"]
[Site "Wroclaw POL"]
[Date "2014.12.20"]
[Round "6.42"]
[White "Sotsky, Alexander"]
[Black "Pakleza, Zbigniew"]
[Result "1-0"]
[WhiteTitle "IM"]
[BlackTitle "IM"]
[WhiteElo "2377"]
[BlackElo "2498"]
[WhiteFideId "4130715"]
[BlackFideId "1119290"]
[EventDate "2014.12.20"]

1. d4 d5 2. Bg5 c5 3. Nc3 h6 4. Bh4 Nf6 5. e3 e6 6. Nf3 Nc6 7. Be2 a6 8. a4 c4
9. O-O Bb4 10. Ne5 Qa5 11. Na2 Be7 12. f4 Bd7 13. Nc3 Qb6 14. Qd2 g6 15. Bf3 Ng8
16. Bxe7 Ngxe7 17. Rfb1 Rc8 18. a5 Qc7 19. e4 Qd6 20. Nxc6 bxc6 21. e5 Qc7 22.
Na4 c5 23. Nxc5 Bb5 24. b3 cxb3 25. cxb3 Nc6 26. b4 O-O 27. Rd1 Rb8 28. Rab1 Qa7
29. h3 Kg7 30. Kh2 Rfc8 31. g4 Ne7 32. Rg1 Bc4 33. h4 h5 34. f5 exf5 35. gxh5
Rc6 36. Qg5 Rh8 37. Rbc1 Qc7 38. Rxc4 dxc4 39. Bxc6 Nxc6 40. Qf6+ Kg8 41. hxg6 1-0

[Event "European Rapid 2014"]
[Site "Wroclaw POL"]
[Date "2014.12.20"]
[Round "6.43"]
[White "Matnadze, Ana"]
[Black "Kubien, Jerzy"]
[Result "0-1"]
[WhiteTitle "IM"]
[BlackTitle "FM"]
[WhiteElo "2411"]
[BlackElo "2213"]
[WhiteFideId "13601377"]
[BlackFideId "1102621"]
[EventDate "2014.12.20"]

1. d4 d5 2. Nf3 c6 3. g3 Bf5 4. Bg2 h6 5. O-O Nf6 6. c4 e6 7. Nc3 Nbd7 8. Qb3
Qb6 9. c5 Qc7 10. Bf4 Qc8 11. Rfc1 Be7 12. Qd1 Ne4 13. Nxe4 Bxe4 14. Bh3 O-O 15.
Nd2 Bg6 16. f3 Bf6 17. Nf1 Re8 18. Bd6 e5 19. e3 exd4 20. exd4 Qd8 21. Qd2 Nb6
22. b3 Nc8 23. Bf4 Ne7 24. Re1 Nf5 25. Be5 Bg5 26. f4 Be7 27. g4 Nh4 28. Qf2 Be4
29. Nd2 f6 30. Qxh4 fxe5 31. g5 exf4 32. Be6+ Kh8 33. Nxe4 dxe4 34. Rxe4 Bxg5
35. Qg4 Qf6 36. Rf1 Rad8 37. h4 Bxh4 38. Rfxf4 Qg5 39. Qxg5 Bxg5 40. Rf7 Bf6 41.
Rxb7 Bxd4+ 42. Kg2 Bxc5 43. Kf3 Re7 44. Rxe7 Bxe7 45. a4 a5 46. Kg4 Bb4 47. Bc4
g6 48. Re6 Rd6 49. Re8+ Kg7 50. Rc8 h5+ 51. Kf4 Rf6+ 52. Ke4 Kh6 53. Ba6 Kg5 54.
Bb7 c5 55. Rh8 Kg4 56. Bc8+ Kg3 57. Rg8 Kh4 58. Ke5 Bc3+ 59. Kd5 g5 60. Kxc5 g4
61. Bb7 Kg3 62. Rd8 Bb4+ 63. Kb5 Rf5+ 64. Kb6 Re5 65. Rd3+ Kf2 66. Rd7 h4 67.
Rh7 h3 68. Bc8 Kg3 69. Rg7 Re4 70. Bb7 Rd4 71. Kb5 Bc3 72. Re7 Bd2 73. Re2 Rb4+
74. Ka6 Rxb7 75. Rxd2 Rxb3 76. Kxa5 h2 77. Rd1 Kg2 78. Rd2+ Kh3 79. Rd1 g3 80.
Ka6 g2 0-1

[Event "European Rapid 2014"]
[Site "Wroclaw POL"]
[Date "2014.12.20"]
[Round "6.44"]
[White "Mkrtchian, Lilit"]
[Black "Eggink, Ryszard"]
[Result "1/2-1/2"]
[WhiteTitle "IM"]
[WhiteElo "2450"]
[BlackElo "2236"]
[WhiteFideId "13300601"]
[BlackFideId "1125869"]
[EventDate "2014.12.20"]

1. c4 Nf6 2. Nc3 e6 3. d4 Bb4 4. e3 b6 5. Nf3 Bb7 6. Bd3 O-O 7. O-O Bxc3 8. bxc3
d6 9. Nd2 Nbd7 10. f3 e5 11. Re1 Re8 12. e4 c5 13. Nb3 a5 14. a4 Ba6 15. Bf1 Rc8
16. Bg5 cxd4 17. cxd4 Bxc4 18. Rc1 Bxf1 19. Rxf1 Rxc1 20. Qxc1 Qc8 21. Be3 Qa6
22. dxe5 dxe5 23. Nd2 b5 24. axb5 Qxb5 25. Qc4 Qxc4 26. Nxc4 Ra8 27. Ra1 a4 28.
Ra3 h6 29. Nb2 Rb8 30. Nxa4 Ra8 31. Ra2 Kh7 32. Nc3 Rxa2 1/2-1/2

[Event "European Rapid 2014"]
[Site "Wroclaw POL"]
[Date "2014.12.20"]
[Round "6.45"]
[White "Piotrowski, Przemyslaw"]
[Black "Socko, Monika"]
[Result "0-1"]
[BlackTitle "GM"]
[WhiteElo "2200"]
[BlackElo "2470"]
[WhiteFideId "1127063"]
[BlackFideId "1106619"]
[EventDate "2014.12.20"]

1. d4 Nf6 2. Nf3 e6 3. g3 c5 4. c4 cxd4 5. Nxd4 d5 6. cxd5 Qxd5 7. Nf3 Qxd1+ 8.
Kxd1 Bc5 9. e3 O-O 10. Bd3 Nc6 11. Ke2 Nb4 12. Ne5 b6 13. a3 Nxd3 14. Nxd3 Ba6
15. b4 Rfd8 16. Rd1 Be7 17. Nc3 Bc4 18. Bb2 Ng4 19. f4 Nxh2 20. Ne4 Ng4 21. Bd4
f5 22. Nf2 Bf6 23. Nxg4 fxg4 24. Rac1 b5 25. Bxf6 gxf6 26. e4 a5 27. Rc3 axb4
28. axb4 Ra2+ 29. Rd2 Rxd3 30. Rxd3 Rxd2+ 31. Kxd2 Bxd3 32. Kxd3 Kf7 33. Kd4 Kg6
34. Ke3 f5 35. e5 Kf7 36. Kd4 Ke7 37. Kc5 Kd7 38. Kxb5 h5 39. Ka6 h4 40. b5 hxg3
41. b6 g2 42. b7 g1=Q 43. b8=Q Qa1+ 44. Kb7 Qb2+ 45. Ka8 Qxb8+ 0-1

[Event "European Rapid 2014"]
[Site "Wroclaw POL"]
[Date "2014.12.20"]
[Round "6.46"]
[White "Paszewski, Mateusz"]
[Black "Meskovs, Nikita"]
[Result "0-1"]
[BlackTitle "FM"]
[WhiteElo "2191"]
[BlackElo "2452"]
[WhiteFideId "1141058"]
[BlackFideId "11602740"]
[EventDate "2014.12.20"]

1. c4 e5 2. g3 c6 3. d4 exd4 4. Qxd4 Nf6 5. Bg2 d5 6. Nf3 Be7 7. O-O c5 8. Qd1
d4 9. e3 Nc6 10. Na3 O-O 11. Nc2 d3 12. Nce1 Bf5 13. Nh4 Be6 14. b3 Ng4 15. Qxd3
Bxh4 16. gxh4 Qf6 17. Rb1 Qxh4 18. Nf3 Qh5 19. Bb2 Bf5 20. Qe2 Bxb1 21. Rxb1
Nxh2 22. Re1 Ng4 23. Nd2 Rfe8 24. Ne4 Rad8 25. Ng3 Qh2+ 26. Kf1 Nxe3+ 27. fxe3
Qxg3 28. Bd5 Nb4 29. Qh5 Nxd5 30. cxd5 Re4 31. Re2 Rh4 0-1

[Event "European Rapid 2014"]
[Site "Wroclaw POL"]
[Date "2014.12.20"]
[Round "6.47"]
[White "Kuzmicz, Krystian"]
[Black "Grela, Kacper"]
[Result "1-0"]
[WhiteTitle "IM"]
[WhiteElo "2469"]
[BlackElo "2096"]
[WhiteFideId "1119125"]
[BlackFideId "1154141"]
[EventDate "2014.12.20"]

1. g3 g6 2. Bg2 Bg7 3. f4 d5 4. Nf3 Nh6 5. O-O O-O 6. Nc3 c6 7. d3 Qb6+ 8. e3
Nf5 9. Qe1 d4 10. exd4 Nxd4 11. Nxd4 Bxd4+ 12. Kh1 Qc7 13. Ne4 Be6 14. c3 Bg7
15. d4 Nd7 16. Qe2 Nf6 17. Bd2 Rad8 18. a3 Nxe4 19. Bxe4 c5 20. dxc5 Qxc5 21.
Be3 Qc4 22. Qxc4 Bxc4 23. Rfd1 b6 24. a4 f5 25. Bc2 e5 26. Kg1 e4 27. a5 bxa5
28. Rxd8 Rxd8 29. Rxa5 Rb8 30. Bc1 a6 31. Rc5 Bd3 32. Bxd3 exd3 33. Kf2 d2 34.
Bxd2 Rxb2 35. Ke3 Ra2 36. Rc8+ Kf7 37. Rc7+ Kg8 38. c4 a5 39. c5 a4 40. Kd3 Ra3+
41. Kc4 Rf3 42. c6 Rf2 43. Rxg7+ Kxg7 44. Bc3+ Kf7 45. c7 1-0

[Event "European Rapid 2014"]
[Site "Wroclaw POL"]
[Date "2014.12.20"]
[Round "6.48"]
[White "Ulanowski, Karol"]
[Black "Petrosyan, Tigran S."]
[Result "0-1"]
[BlackTitle "FM"]
[WhiteElo "2147"]
[BlackElo "2429"]
[WhiteFideId "1108964"]
[BlackFideId "13303678"]
[EventDate "2014.12.20"]

1. e4 e5 2. Nf3 Nc6 3. d4 exd4 4. Nxd4 Bc5 5. Be3 Qf6 6. c3 Nge7 7. g3 d5 8. Bg2
Nxd4 9. cxd4 Bb4+ 10. Nc3 Bxc3+ 11. bxc3 dxe4 12. Bxe4 O-O 13. O-O c6 14. Rb1 h6
15. Qf3 Qxf3 16. Bxf3 Nd5 17. Bd2 Nb6 18. Rfe1 Bf5 19. Rb4 Rfe8 20. Rxe8+ Rxe8
21. c4 Re7 22. Be3 Be6 23. d5 cxd5 24. Bxb6 axb6 25. cxd5 Bh3 26. Be4 f5 27. d6
Rxe4 0-1

[Event "European Rapid 2014"]
[Site "Wroclaw POL"]
[Date "2014.12.20"]
[Round "6.49"]
[White "Somyk, Marcin"]
[Black "Skytte, Rasmus"]
[Result "0-1"]
[BlackTitle "IM"]
[WhiteElo "1988"]
[BlackElo "2424"]
[WhiteFideId "1123378"]
[BlackFideId "1404210"]
[EventDate "2014.12.20"]

1. d4 Nf6 2. c4 c5 3. d5 b5 4. cxb5 a6 5. f3 e6 6. e4 Bb7 7. Nh3 exd5 8. e5 Ng8
9. Nf4 Ne7 10. bxa6 Nxa6 11. Nc3 Nc7 12. Bd3 d4 13. Ne4 Nc6 14. Nd6+ Bxd6 15.
exd6 Ne6 16. Kf2 Qb8 17. Nxe6 fxe6 18. Bf4 O-O 19. Bg3 Ba6 20. Bxa6 Rxa6 21. b3
Nb4 22. a3 Nd5 23. Qd3 Qa7 24. Rhc1 Rxa3 25. Rxa3 Qxa3 26. Re1 Rb8 27. Rb1 Nc3
28. Re1 Qxb3 29. Be5 Qb5 30. Qxb5 Rxb5 31. Ra1 Rb2+ 32. Kg3 Ra2 33. Re1 Re2 34.
Rxe2 Nxe2+ 35. Kf2 Nc3 36. Ke1 Nd5 37. Kd2 Ne3 38. Kd3 Nxg2 39. Kc4 Ne1 40. Kxc5
Nxf3 41. Bf4 d3 42. Kb6 Kf7 43. Kc7 Ke8 0-1